000 01064cam a2200313 a 4500
999 _c439
_d439
001 14968178
003 GZU
005 20201111151542.0
008 070815s2008 caua b 001 0 eng
010 _a 2007935303
015 _aGBA797614
_2bnb
016 7 _a014458718
_2Uk
020 _a1412928788 (hbk.)
020 _a1412928796 (pbk.)
035 _a(OCoLC)ocn182663851
040 _aUKM
_cUKM
_dBTCTA
_dBAKER
_dYDXCP
_dBWKUK
_dBWX
_dIXA
_dDLC
042 _alccopycat
050 0 0 _aHD30.4
_b.LEE 2008
100 1 _aLee, Nick,
_d1975-
_eauthor
245 1 0 _aDoing business research :
_ba guide to theory and practice /
_cNick Lee ; with Ian Lings.
260 _aLos Angeles ;
_aLondon :
_bSAGE,
_c2008.
300 _axxiii, 423 p. :
_bill. ;
_c24 cm.
500 _aIncludes bibliographical references (p. [405]-410) and index.
504 _aIncludes bibliographical references (p. [405]-410) and index.
650 0 _aBusiness
_xResearch.
700 1 _aLings, Ian.
_eauthor
906 _a7
_bcbc
_ccopycat
_d2
_eepcn
_f20
_gy-gencatlg
942 _2lcc
_cBK
_h30.4
_iLEE
_kHD